000 00385pab a2200157 454500
008 180718b2000 xxu||||| |||| 00| 0 eng d
100 _aSidhu, H.S.
245 _aReform initiatives in police at the district level
260 _c2000
300 _ap.80-98
362 _aOct-Dec
650 _aPolice - India
650 _aPolice
773 _aIndian Police Journal
909 _a48124
999 _c48124
_d48124